[Event "Jastrzebia Gora"]
[Site "Jastrzebia Gora"]
[Date "2015.05.16"]
[Round "11.2"]
[White "Falkowski, Dawid"]
[Black "Czajkowski, Adam"]
[Result "0-1"]
[WhiteElo "2073"]
[BlackElo "2077"]
[PlyCount "49"]
[EventDate "2015.??.??"]

1. e4 c5 2. Nf3 e6 3. Nc3 a6 4. d4 cxd4 5. Nxd4 Qc7 6. Bd3 Nc6 7. Be3 Nf6 8.
O-O Ne5 9. Nf3 d6 10. Kh1 Be7 11. Qe2 O-O 12. a4 b6 13. a5 b5 14. Bb6 Qb7 15.
Nxe5 dxe5 16. f4 Bd6 17. Rf3 Qe7 18. Rh3 Bb7 19. Rf1 g6 20. Nb1 Nd7 21. f5 exf5
22. exf5 e4 23. fxg6 fxg6 24. Rxf8+ Rxf8 25. Bxe4 0-1

[Event "Jastrzebia Gora"]
[Site "Jastrzebia Gora"]
[Date "2015.05.16"]
[Round "11.3"]
[White "Migala, Andrzej"]
[Black "Ruszczycki, Jacek"]
[Result "1-0"]
[WhiteElo "2055"]
[BlackElo "1917"]
[PlyCount "82"]
[EventDate "2015.??.??"]

1. e4 c6 2. d4 d5 3. e5 Qb6 4. c3 a5 5. Qb3 Nd7 6. Be3 a4 7. Qxb6 Nxb6 8. Nd2
Bf5 9. Ngf3 h6 10. Be2 e6 11. O-O Be7 12. h3 g5 13. Ne1 h5 14. g4 hxg4 15. hxg4
Bg6 16. Nef3 Kd7 17. Kg2 Nh6 18. Nxg5 Rag8 19. f4 f5 20. exf6 Bxf6 21. Nh3 Bh7
22. Ng5 Bg6 23. Rh1 Nc8 24. Rh2 Nf7 25. Rxh8 Rxh8 26. Nxf7 Bxf7 27. Rh1 Rg8 28.
Rh7 Ke8 29. Kf3 Ne7 30. Bd3 b5 31. b3 axb3 32. Nxb3 Nc8 33. Nc5 Be7 34. Na6 Nd6
35. Nb8 Ne4 36. Bxe4 dxe4+ 37. Kg3 b4 38. cxb4 Bxb4 39. Nxc6 Be1+ 40. Kh3 Bg6
41. Re7+ Kf8 1-0

[Event "Jastrzebia Gora"]
[Site "Jastrzebia Gora"]
[Date "2015.05.16"]
[Round "11.4"]
[White "Stachanczyk, Jacek"]
[Black "Kulpinski, Piotr"]
[Result "1-0"]
[WhiteElo "2303"]
[BlackElo "1917"]
[PlyCount "43"]
[EventDate "2015.??.??"]

1. e4 c5 2. Nf3 Nc6 3. d4 cxd4 4. Nxd4 g6 5. Nc3 Bg7 6. Be3 Nf6 7. Bc4 O-O 8.
Bb3 d5 9. exd5 Nb4 10. Nf3 Bf5 11. a3 Na6 12. O-O Qa5 13. Ba2 Rfd8 14. Bd4 Nc7
15. b4 Qxa3 16. d6 Qxb4 17. dxc7 Rd7 18. Rb1 Qa5 19. Ne5 Nd5 20. Bxd5 Bxe5 21.
Bxe5 e6 22. Rxb7 1-0

[Event "Jastrzebia Gora"]
[Site "Jastrzebia Gora"]
[Date "2015.05.16"]
[Round "11.5"]
[White "Sargalski, Andrzej"]
[Black "Dukaczewski, Piotr"]
[Result "0-1"]
[WhiteElo "1916"]
[BlackElo "2297"]
[PlyCount "75"]
[EventDate "2015.??.??"]

1. e4 c5 2. Nf3 e6 3. d4 cxd4 4. Nxd4 a6 5. c4 Qc7 6. Bd3 Nf6 7. O-O Bc5 8. Nb3
Be7 9. Be3 d6 10. Nc3 Nbd7 11. f4 b6 12. Rc1 Bb7 13. Qe2 Rc8 14. Kh1 O-O 15.
Qf3 Qb8 16. Qh3 Qa8 17. Nd2 Rfe8 18. Bb1 g6 19. f5 Bf8 20. fxe6 Rxe6 21. Nd5 b5
22. Rxf6 Nxf6 23. Nb6 Qb8 24. Nxc8 Qxc8 25. b3 Qe8 26. cxb5 axb5 27. Nf3 Bxe4
28. Bxe4 Nxe4 29. Nd4 Ng3+ 30. hxg3 Rxe3 31. Rc8 Re1+ 32. Kh2 Qe3 33. Nf3 Re2
34. Nh4 f5 35. Nxf5 gxf5 36. Qxf5 Qh6+ 37. Qh3 Qxh3+ 38. Kxh3 0-1

[Event "Jastrzebia Gora"]
[Site "Jastrzebia Gora"]
[Date "2015.05.16"]
[Round "11.6"]
[White "Pawelec, Bartosz"]
[Black "Mackowiak, Marek"]
[Result "1/2-1/2"]
[WhiteElo "2097"]
[BlackElo "2131"]
[PlyCount "39"]
[EventDate "2015.??.??"]

1. e4 c5 2. c3 Nf6 3. e5 Nd5 4. d4 cxd4 5. Qxd4 e6 6. Nf3 Nc6 7. Qe4 f5 8. exf6
Nxf6 9. Qh4 Be7 10. Bd3 O-O 11. Bg5 h6 12. Bxh6 gxh6 13. Qg3+ Kh8 14. Qg6 Qe8
15. Qxh6+ Kg8 16. Qg5+ Kh8 17. Qh6+ Kg8 18. Qg5+ Kh8 19. Qh6+ Kg8 20. Qg5+
1/2-1/2